| 000 | 00625nam a2200169 a 4500 | ||
|---|---|---|---|
| 001 | 000027523 | ||
| 005 | 20200930030909.0 | ||
| 008 | 110401s2000 dr d 000 0 spa d | ||
| 040 |
_aDO-SdBNP _bspa _cBNPHU |
||
| 082 |
_axxxx _bR426r |
||
| 110 | 1 |
_aRepública Dominicana. _bSecretaria Técnico de la Presidencia. _bOficina Nacional de Estadística _954609 |
|
| 245 | 1 | 0 |
_aRepública Dominicana en cifras 1998 / _cpresentación Maritza Rossi de Pérez. |
| 260 |
_aSanto Domingo : _bOficina Nacional de Estadística, _c2000. |
||
| 300 |
_a290 p. : _bgráf. ; _c28 cm. |
||
| 700 | 1 |
_aRossi de Pérez, Maritza _932267 |
|
| 049 | _aBNPD | ||
| 999 |
_c27015 _d27015 |
||